000 00666nam a2200181 i 4500
001 86113
003 ES-MaACL
007 t|
008 041207s1918 xxu ||||1| eng d
100 1 _aKerner, Robert Josef.
_967919
245 1 0 _aSlavie europe
_b: a selected bibliography in the wertern european languages, comprising history, languages and literatures /
_cby Robert Josef Kerner.
260 _aCambridge :
_bHarvard University,
_c1918.
300 _aXXIV, 402 p. ;
_c23 cm.
490 1 _aHarvard bibliographies literary series ;
_v1
830 0 _aHarvard bibliographies literary series ;
_v1
_9231741
852 _aES-MaACL
_jG-4213
999 _c86113
_d86113